| 000 | 00471nam a2200205 i 4500 | ||
|---|---|---|---|
| 001 | bg | ||
| 100 | 1 | _aURBAŃSKI, Artur. | |
| 245 | 0 |
_aMSDOS 6 / _cArtur Urbański. |
|
| 260 |
_aWarszawa : _b"Intersoftland", _c1993. |
||
| 300 |
_a300s. ; _c24 cm. |
||
| 650 | 9 | _aDOS | |
| 655 | _aPodręczniki | ||
| 020 | _a8385515402 | ||
| 040 | _cBPK | ||
| 041 | _apol | ||
| 080 | _a004.45 | ||
| 920 | _a83-85515-40-2 | ||
| 942 | _cKS | ||
| 008 | s pl f |000 0 pol | ||
| 999 |
_c5989 _d5989 |
||
| 856 |
_uhttp://koha.tu.koszalin.pl/cgi-bin/koha/opac-detail.pl?biblionumber=5989 _yKatalog online BPK |
||